Fußball mit "W" - Statistiken

Allgemein
  • Dieses Quiz wurde 110 mal gespielt
  • Das Durchschnittsergebnis liegt bei 13 aus 16
Antwortstatistiken
Hinweis Antwort % Korrekt
Im Frauen- und Männerfußball alle vier Jahre von der FIFA ausgerichteter prestigeträchtigster Wettbewerb im Fußball Weltmeisterschaft
100%
In Deutschland übliche Unterbrechung des Spielbetriebs in den kältesten Wochen des Jahres Winterpause
94%
Der Name dieses Vereins, der zusammen mit Bayern München die meisten Spielzeiten in der 1. Bundesliga verbracht hat, bedeutet "Flussinsel" Werder Bremen
91%
Kapitän der Weltmeister-Elf von 1954 Fritz {Walter}
90%
Deutscher Stürmer, der 2025 für knapp 90 Mio. Euro vom VfB Stuttgart zu Newcastle United wechselte Nick {Woltemade}
89%
Stadion des oben gesuchten Clubs, das eines der wenigen ist, die bisher nicht nach einem Sponsor benannt wurden {Weser}stadion
89%
Bezeichnung für ein Tor, bei dem nicht klar ersichtlich ist, ob der Ball die Linie überquert hat, die sich auf das WM-Finale 1966 bezieht {Wembley}-Tor
88%
Bei seiner ersten Teilnahme an einer Europameisterschaft erreichte dieses Nationalteam 2016 gleich das Halbfinale Wales
86%
Von Shakira gesungener offizieller WM-Song für Südafrika 2010 Waka Waka
85%
Wohl nie hat ein Trainer namentlich so gut zu einem Verein gepasst wie dieser zum VfL Wolfsburg, den er von 1998 bis 2003 trainierte {Wolfgang} {Wolf}
84%
Vereinssymbol, das vor einem Spiel zwischen den Kapitänen beider Mannschaften ausgetauscht wird Wimpel
80%
Langjähriger Sportschau-, ran- und Doppelpass-Moderator Jörg {Wontorra}
77%
Verein aus dem bayerischen Burghausen, der von 2002 bis 2007 in der 2. Bundesliga spielte Wacker
74%
Der Verein aus NRW konnte sich während seiner kurzen Zeit in der Bundesliga in den 70ern sogar einmal für den UEFA-Cup qualifizieren {Wuppertaler} SV
72%
Name einiger englischer Clubs (z. B. aus Bolton), der daher kommt, dass die Vereine in ihrer Anfangszeit kein eigenes Stadion hatten Wanderers
66%
Verein aus Łódź, der bisher viermal die polnische Meisterschaft gewinnen konnte Widzew
23%
Keine übereinstimmenden Quizze gefunden
Verteilung der Resultate
Anzahl Personen mit jedem Resultat
Perzentil nach korrekt beantworteten Fragen
Ihre Resultats-Entwicklung
Sie haben dieses Quiz noch nicht gespielt